Lectures allemandes (Record no. 161164)

MARC details
000 -LEADER
campo de control de longitud fija 00728nam a22001935i 4500
001 - NÚMERO DE CONTROL
campo de control 161164
003 - IDENTIFICADOR DE NÚMERO DE CONTROL
campo de control ES-MaACL
005 - FECHA Y HORA DE LA ÚLTIMA TRANSACCIÓN
campo de control 20250801151642.0
008 - DATOS DE LONGITUD FIJA--INFORMACIÓN GENERAL
campo de control de longitud fija 041020s1871 gw |||| | fre d
040 ## - FUENTE DE CATALOGACIÓN
Centro catalogador/agencia de origen CAM
Lengua de catalogación spa
Centro/agencia transcriptor CAM
100 1# - ENTRADA PRINCIPAL--NOMBRE DE PERSONA
Nombre de persona Otto, Emil.
9 (RLIN) 87950
245 10 - MENCIÓN DEL TÍTULO
Título Lectures allemandes
Resto del título : choix de morceaux de littérature allemande, accompagnés de notes explicatives et d'un vocabulaire /
Mención de responsabilidad, etc. par Emile Otto.
260 ## - PUBLICACIÓN, DISTRIBUCIÓN, ETC.
Lugar de publicación, distribución, etc. Heidelberg [etc.] :
Nombre del editor, distribuidor, etc. Jules Groos éditeur [etc.],
Fecha de publicación, distribución, etc. 1871.
300 ## - DESCRIPCIÓN FÍSICA
Extensión 3 v. ;
Dimensiones 20 cm.
650 #4 - PUNTO DE ACCESO ADICIONAL DE MATERIA--TÉRMINO DE MATERIA
Término de materia o nombre geográfico como elemento de entrada Lengua alemana.
9 (RLIN) 14080
650 #7 - PUNTO DE ACCESO ADICIONAL DE MATERIA--TÉRMINO DE MATERIA
Término de materia o nombre geográfico como elemento de entrada Literatura alemana
Fuente del encabezamiento o término embne
9 (RLIN) 136419
852 ## - LOCALIZACIÓN
Ubicación ES-MaACL
Número de control de estantería B-3044
Nota libre -- Enc. cartón
condición física -- Sólo 3e partie (VI, 228 p.)
Holdings
Estatus retirado Estado de pérdida Estado de daño No para préstamo Colección Biblioteca de origen Biblioteca actual Ubicación en estantería Fecha de adquisición Fuente de adquisición Total de préstamos Signatura topográfica completa Código de barras Visto por última vez Precio de reemplazo Tipo de ítem Koha
        Libros del s. XIX Biblioteca del Ateneo de Madrid Biblioteca del Ateneo de Madrid Sala Pardo Bazán 17/01/2008     B-3044 1168803 23/02/2023 23/02/2023 Libro impreso antiguo